Southville International School and Colleges
Your cart is empty.
  • Cart
  • Lists
    Public lists Eva Luna New books Lux_list list_1
    Your lists Log in to create your own lists
  • Log in to your account
  • Your cookies
  • Search history
Southville International School and Colleges
  • Advanced search
  • Recent comments
  • Most popular
  • Libraries

Log in to your account

Log in with GOOGLE


If you do not have an external account, but do have a local account, you can still log in:

  1. Home
  2. MARC view: ICT and society. /
Normal view MARC view ISBD view

ICT and society. / (Record no. 23981)

[ view plain ]
MARC details
000 -LEADER
fixed length control field 00552nam a2200205 a 4500
005 - DATE AND TIME OF LATEST TRANSACTION
control field 20140310183503.0
008 - FIXED-LENGTH DATA ELEMENTS--GENERAL INFORMATION
fixed length control field 101014s19uu xx 00 eng d
020 ## - INTERNATIONAL STANDARD BOOK NUMBER
International Standard Book Number 9789710411740
050 ## - LIBRARY OF CONGRESS CALL NUMBER
Classification number HC 79
Item number .R173 2010
100 ## - MAIN ENTRY--PERSONAL NAME
Personal name Ramirez, Alvin D.
245 ## - TITLE STATEMENT
Title ICT and society. /
Statement of responsibility, etc Alvin D. Ramirez
250 ## - EDITION STATEMENT
Edition statement 3rd ed.
260 ## - PUBLICATION, DISTRIBUTION, ETC. (IMPRINT)
Place of publication, distribution, etc Philippines :
Name of publisher, distributor, etc TechFactor Inc,
Date of publication, distribution, etc 2010.
300 ## - PHYSICAL DESCRIPTION
Extent 121 p. :
Other physical details ill. col. ;
Dimensions 25 cm.
521 ## - TARGET AUDIENCE NOTE
Target audience note
650 ## - SUBJECT ADDED ENTRY--TOPICAL TERM
Topical term or geographic name as entry element Computer-assisted instruction.
650 ## - SUBJECT ADDED ENTRY--TOPICAL TERM
Topical term or geographic name as entry element ICT.
942 ## - ADDED ENTRY ELEMENTS (KOHA)
Koha item type Books
Source of classification or shelving scheme Library of Congress Classification
Call number prefix Local
Holdings
Withdrawn status Lost status Source of classification or shelving scheme Damaged status Home library Current library Shelving location Date acquired Total Checkouts Full call number Barcode Date last seen Copy number Price effective from Koha item type
    Library of Congress Classification   College Library College Library General Circulation Section 10/14/2010   HC 79 .R173 2010 C11309 05/15/2018 1 10/18/2013 Books

ICT and society. /

APA

Ramirez A. D., . (2010). ICT and society. Philippines: TechFactor Inc.

Chicago

Ramirez Alvin D, . 2010. ICT and society. Philippines: TechFactor Inc.

Harvard

Ramirez A. D., . (2010). ICT and society. Philippines: TechFactor Inc.

MLA

Ramirez Alvin D, . ICT and society. Philippines: TechFactor Inc. 2010.

  • Place hold
  • Print
  • Cite
  • Add to your cart (remove)
  • Save record
    BIBTEX Dublin Core MARCXML MARC (non-Unicode/MARC-8) MARC (Unicode/UTF-8) MARC (Unicode/UTF-8, Standard) MODS (XML) RIS
  • More searches
    Search for this title in:
    Other Libraries (WorldCat) Other Databases (Google Scholar) Online Stores (Bookfinder.com) Open Library (openlibrary.org)

Exporting to Dublin Core...

SOUTHVILLE LIBRARY

Southville International School and Colleges Library

1281 Tropical Ave. Cor. Luxembourg St., BF Homes International, Las Pinas City

Tel. No. 8256374 / 252358 Loc. 117/146

Powered by Koha